00586nam a2200169Ia 4500003000900000008004100009040001600050080002200066110003300088245014300121260005000264300000900314500002800323650002600351650001800377650002100395IN-BaIIA211028s9999 xx 000 0 eng d cIIA Library a083.7:696.14bISI aIndian Standards Institution 0aIndian standard specification for vitreous sanitary appliances (vitreous China)bpt. 1, general requirementscIndian Standards Institution aNew DelhibIndian Standards Institutionc1975 a17p. aIS 2556 : Part 1 : 1974 a Sanitary Appliances a Standards  aNASA Thesaurus